| 000 | 00649nam a2200205Ii 4500 | ||
|---|---|---|---|
| 003 | JO-AjNU | ||
| 008 | 230605s9999||||xx |||||||||||||| ||und|| | ||
| 017 | _a2004/2/33 | ||
| 040 |
_aJO-AjNU _bara _erda _cJO-AjNU |
||
| 041 | _aara | ||
| 050 | 1 | 4 | _aQR4102 2004 |
| 100 | 3 |
_aابوخالد ، اسامة, _eauthor _912904 |
|
| 245 | 0 | 0 | _aوظائف اجزاء العين |
| 264 | 3 | 1 | _aعمان:مكتبة المجتمع العربي ، 2004 |
| 300 | _a158ص | ||
| 336 |
_atext _btxt _2rdacontent |
||
| 337 |
_aunmediated _bn _2rdamedia |
||
| 338 |
_avolume _bnc _2rdacarrier |
||
| 650 | 4 |
_aالعين - امراض العين - طب العيون _912905 |
|
| 999 |
_aA3073 _c6641 _d6641 |
||